| 000 -ლიდერი |
| ფიქსირებული სიგრძის საკონტროლო ველი |
02857nam a22002897a 4500 |
| 003 - საკონტროლო ნომრის იდენტიფიკატორი |
| საკონტროლო ველი |
Ge_BSU |
| 005 - ბოლო ოპერაციის თარიღი და დრო |
| საკონტროლო ველი |
20230719105842.0 |
| 008 - ფიქსირებული სიგრძის მონაცემთა ელემენტები - ზოგადი ინფორმაცია |
| ფიქსირებული სიგრძის საკონტროლო ველი |
230719s2022ge xxu||||| |||| 00| 0 geo d |
| 020 ## - წიგნის საერთაშორისო სტანდარტული ნომერი |
| International Standard Book Number |
9789941334139 |
| 041 ## - ენის კოდი |
| Language code of text/sound track or separate title |
geo |
| 080 ## - უნივერსალური ათობითი კლასიფიკაციის ინდექსი |
| Universal Decimal Classification number |
811.353.1+811.512.16 ქ-27 |
| 245 ## - ცნობა სათაურის შესახებ |
| Title |
ქართველურ-თურქულ სამეტყველო კოდთა შერევის კანონზომიერებები ქართველურენოვანი მუჰაჯირების შთამომავალთა მეტყველების მიხედვით |
| Remainder of title |
[მონოგრაფია] / |
| Statement of responsibility, etc |
ტარიელ ფუტკარაძე, მანანა ტაბიძე, მიხეილ ლაბაძე [და სხვა ] ; რედაქტორი იამზე ვაშაკიძე ; ინგლისური რეზიუმეს მთარგმნელი ლელა ებრალიძე ; თურქული რეზიუმეს მთარგმნელი ფევზი ჩელები ; |
| 264 ## - წარმოების, გამოცემის, დისტრიბუციის და სხვა ცნობები |
| გამოცემის, წარმოების, დისტრიბუციის... ადგილი |
თბილისი : |
| გამოცემის, წარმოების, დისტრიბუციის... სახელწოდება |
უნივერსალი, |
| გამოცემის, წარმოების, დისტრიბუციის... თარიღი |
2022. |
| 300 ## - ფიზიკური აღწერა |
| Extent |
696 გვ. : |
| Other physical details |
ფოტ ; |
| Dimensions |
25 სმ. |
| 501 ## - შენიშვნა თანმხლებ მასალაზე |
| With note |
საძიებელი: გვ. 665-694. |
| 504 ## - BIBLIOGRAPHY, ETC. NOTE |
| Bibliography, etc |
ბიბლიოგრაფია: გვ 318-330. |
| 520 ## - SUMMARY, ETC. |
| Summary, etc |
რეზიუმე ინგლისურ და თურქულ ენებზე. |
| 546 ## - LANGUAGE NOTE |
| Language note |
თავფურცლის მე-2 გვერდი ინგლისურ ენაზე, მე-3 გვერდი თურქულ ენაზე. |
| 600 ## - SUBJECT ADDED ENTRY--PERSONAL NAME |
| Source of heading or term |
ეძღვნება პროფესორ ტარიელ ფუტკარაძის (1960-2021) ნათელ ხსოვნას. |
| 653 ## - INDEX TERM--UNCONTROLLED |
| Uncontrolled term |
ენათმეცნიერება. დიალექტოლოგია. ქართველური ენები. თურქული ენა. მუჰაჯირები საქართველოში. |
| 700 ## - ADDED ENTRY--PERSONAL NAME |
| Personal name |
ტაბიძე, მანანა |
| 9 (RLIN) |
5716 |
| 700 ## - ADDED ENTRY--PERSONAL NAME |
| Personal name |
ლაბაძე, მიხეილ,[და სხვა ] |
| 9 (RLIN) |
19421 |
| 710 ## - ADDED ENTRY--CORPORATE NAME |
| Corporate name or jurisdiction name as entry element |
საქართველოს საპატრიარქოს წმ. ანდრია პირველწოდებულის სახ. ქართული უნივერსიტეტი, ჰუმანიტარულ მეცნიერებათა და სამართლის სკოლის ქართველოლოგიის ცენტრი |
| 9 (RLIN) |
19422 |
| 773 ## - HOST ITEM ENTRY |
| Title |
ნაჩუქარი |
| 856 ## - ELECTRONIC LOCATION AND ACCESS |
| Uniform Resource Identifier |
https://dspace.nplg.gov.ge/bitstream/1234/444979/1/QartvelurTurqulSametyveloKodtaSherevisKanonzomierebebi.pdf |
| Link text |
pdf |
| 942 ## - ADDED ENTRY ELEMENTS (KOHA) |
| Source of classification or shelving scheme |
|
| Koha item type |
წიგნი |